00465nam a22001577a 450000500170000000800410001702000150005804100130007308200140008610000270010024500560012725000190018326000470020230000320024965000260028120240112072612.0240112b |||||||| |||| 00| 0 eng d a0409037680 aEnglish  a346.7 KLO aKlopper, HB lEnglish  aLaw of the Third Party Compensation / cHB Klopper  aFirst Edition  aDurban : bLexisNexis Butterworth, c2000  bxxii, 496 pages ; c25 cm.  aLegal practice bLaw